<The> Foundations of Behavioral Economic Analysis

Na minha lista:
Detalhes bibliográficos
Autor principal: Dhami, Sanjit
Formato: Livro
Idioma:inglês
Publicado em: New York Oxford University Press 2016
Edição:1st Edition
Assuntos:
Tags: Adicionar Tag
Sem tags, seja o primeiro a adicionar uma tag!

MARC

LEADER 00000nam a2200000 4500
001 0257254
005 20230109073044.0
020 |a 978-0-19-871553-5 
020 |a 978-0-19-871552-8 
041 0 |a eng 
044 |a US 
245 1 0 |a <The> Foundations of Behavioral Economic Analysis  |c Sanjit Dhami 
250 |a 1st Edition 
264 1 |a New York  |b Oxford University Press  |c 2016 
300 |a 1764 s. 
610 2 0 |a ekonómia behaviorálna 
610 2 0 |a rozhodovanie 
610 2 0 |a riziko 
610 2 0 |a pravdepodobnosť 
610 2 0 |a modely 
610 2 0 |a emócie 
610 2 0 |a racionalita 
610 2 0 |a trh finančný 
610 2 0 |a blahobyt 
610 2 0 |a modelovanie ekonometrické 
100 1 |a Dhami, Sanjit